000 00782nam a2200205Ii 4500
003 JO-AjNU
008 230605s9999||||xx |||||||||||||| ||und||
017 _a2003/7954
040 _aJO-AjNU
_bara
_erda
_cJO-AjNU
041 _aara
050 1 4 _aPJ6141.A836 2003
100 3 _aتأليف الأرشم،المتولي علي المتولي,
_eauthor
_916798
245 0 0 _aالعدول عن الأصل في أبنية الكلم: حقيقتة وبواعثة وأحكامة
264 3 1 _aالقاهرة: مكتبة دجزيرة الورد، 2003
300 _a96ص
336 _atext
_btxt
_2rdacontent
337 _aunmediated
_bn
_2rdamedia
338 _avolume
_bnc
_2rdacarrier
650 4 _aاللغة العربية-العدول عن الأصل في أبنية الكلم
_916799
999 _aA5059
_c8627
_d8627